00630cam a2200217 a 450000100060000000300080000600500170001400800410003102000170007203500190008904000270010804100080013508200290014310000300017224500670020225000120026926000340028130000280031550400360034365000330037950034BD-RjUL20211209075439.0160823s1969 bg b 001 0 eng  c: PRs. 10.00 a(BD-RjUL)50154 aDLCcDLCdBD-RjULbeng aeng 223a352.095492bCHR 19691 aChaudhuri, Muzaffer Ahmed10aRural government in East Pakistan /cMuzaffer Ahmed Chaudhuri  a1st ed. aDacca :bPuthighar Ltd.c1969 axviii, 370 p. ;c22 cm. aIncludes bibliography and index 0aLocal governmentzBangladesh